[Event "Bundesliga 0001"]
[Site "Deutschland"]
[Date "2001.02.17"]
[Round "8.3"]
[White "Rogers, Ian"]
[Black "Kengis, Edvins"]
[Result "1-0"]
[WhiteElo "2558"]
[BlackElo "2589"]
[PlyCount "99"]
[EventDate "2000.10.14"]
[EventType "team"]
[EventRounds "15"]
[EventCountry "GER"]
[SourceTitle "Bundesliga 0001"]
[Source "DeepChess"]
[SourceDate "2005.01.01"]
[SourceVersion "1"]
[SourceVersionDate "2005.01.01"]
[SourceQuality "1"]
[WhiteTeam "SV Castrop Rauxel 1923"]
[BlackTeam "Godesberger SK 1929"]
[WhiteTeamCountry "GER"]
[BlackTeamCountry "GER"]

1. d4 e6 2. e4 c5 3. d5 exd5 4. exd5 d6 5. Nc3 Nf6 6. Bb5+ Nbd7 7. a4 Be7 8.
Nf3 O-O 9. O-O a6 10. Be2 b6 11. Re1 Bb7 12. Bf4 Re8 13. h3 Nf8 14. Nh2 Ng6 15.
Bg3 Bf8 16. Nf1 b5 17. axb5 axb5 18. Rxa8 Bxa8 19. Bxb5 Rxe1 20. Qxe1 Nxd5 21.
Nxd5 Bxd5 22. Ne3 Bb7 23. Bc4 d5 24. Bxd5 Bxd5 25. Qd2 Qb6 26. Qxd5 Qxb2 27. c4
Qa1+ 28. Kh2 Qf6 29. Qa8 Qe6 30. Nd5 h5 31. Qd8 f6 32. Ne3 h4 33. Bb8 Kf7 34.
Kg1 Qe4 35. Kf1 Be7 36. Qd5+ Qxd5 37. cxd5 Bf8 38. Ke2 Ne7 39. Kd3 g6 40. Kc4
Nc8 41. Kb5 Bd6 42. Bxd6 Nxd6+ 43. Kxc5 Ke7 44. Kc6 g5 45. f3 f5 46. Nc2 Nc4
47. Nd4 Nd6 48. Nb5 Nc4 49. Kc7 g4 50. f4 1-0

[Event "Bundesliga 0001"]
[Site "Deutschland"]
[Date "2001.02.17"]
[Round "8.4"]
[White "Kveinys, Aloyzas"]
[Black "King, Daniel J"]
[Result "1-0"]
[WhiteElo "2522"]
[BlackElo "2525"]
[PlyCount "71"]
[EventDate "2000.10.14"]
[EventType "team"]
[EventRounds "15"]
[EventCountry "GER"]
[SourceTitle "Bundesliga 0001"]
[Source "DeepChess"]
[SourceDate "2005.01.01"]
[SourceVersion "1"]
[SourceVersionDate "2005.01.01"]
[SourceQuality "1"]
[WhiteTeam "Godesberger SK 1929"]
[BlackTeam "SV Castrop Rauxel 1923"]
[WhiteTeamCountry "GER"]
[BlackTeamCountry "GER"]

1. d4 Nf6 2. c4 e6 3. Nc3 d5 4. cxd5 exd5 5. Bg5 c6 6. e3 Bf5 7. Qf3 Bg6 8.
Bxf6 Qxf6 9. Qxf6 gxf6 10. Kd2 Nd7 11. Bd3 Nb6 12. Nge2 Rg8 13. Rag1 Nc4+ 14.
Bxc4 dxc4 15. Ng3 O-O-O 16. Kc1 f5 17. f4 c5 18. d5 h5 19. h4 Bg7 20. Rd1 Rge8
21. Nf1 Bxc3 22. bxc3 Rd6 23. Rh3 b5 24. Rg3 Kd7 25. Rg5 Ra6 26. Kb1 b4 27. Nd2
Rxe3 28. Nxc4 Re2 29. cxb4 cxb4 30. a3 bxa3 31. Rg3 Ra4 32. Rc3 f6 33. Nxa3
Rxf4 34. d6 Ra4 35. Rc7+ Kd8 36. d7 1-0

[Event "Bundesliga 0001"]
[Site "Deutschland"]
[Date "2001.02.17"]
[Round "8.5"]
[White "Seul, Georg"]
[Black "Langheinrich, Ferenc"]
[Result "0-1"]
[WhiteElo "2447"]
[BlackElo "2384"]
[PlyCount "148"]
[EventDate "2000.10.14"]
[EventType "team"]
[EventRounds "15"]
[EventCountry "GER"]
[SourceTitle "Bundesliga 0001"]
[Source "DeepChess"]
[SourceDate "2005.01.01"]
[SourceVersion "1"]
[SourceVersionDate "2005.01.01"]
[SourceQuality "1"]
[WhiteTeam "SV Castrop Rauxel 1923"]
[BlackTeam "Godesberger SK 1929"]
[WhiteTeamCountry "GER"]
[BlackTeamCountry "GER"]

1. e4 c6 2. d3 d5 3. Nd2 g6 4. Ngf3 Bg7 5. g3 Bg4 6. Bg2 Nd7 7. h3 Bxf3 8. Nxf3
dxe4 9. dxe4 Nc5 10. Qxd8+ Rxd8 11. e5 e6 12. Be3 Nd7 13. O-O-O Ne7 14. c4 b5
15. cxb5 cxb5 16. Kb1 a6 17. Rhe1 Nd5 18. Bg5 Rc8 19. Nd4 N7b6 20. Bc1 O-O 21.
f4 Rfd8 22. Nc2 Bf8 23. Ne3 Nxe3 24. Bxe3 Nc4 25. Bc1 Bb4 26. Rxd8+ Rxd8 27.
Re2 Rd7 28. Be4 Rd1 29. Kc2 Rg1 30. g4 Rg3 31. Bb7 a5 32. Bc6 Rxh3 33. Bxb5 Nb6
34. Bc6 h6 35. Be3 Nc4 36. Bd4 a4 37. Bxa4 Rg3 38. Bb5 Na5 39. a3 Be7 40. Bc3
Nb7 41. Bc6 Nd8 42. Be4 Rxg4 43. a4 Rxf4 44. a5 Bc5 45. b4 Bg1 46. b5 h5 47.
Rd2 Rxe4 48. Rxd8+ Kg7 49. b6 h4 50. b7 Ba7 51. Bd4 Rxd4 52. Rxd4 g5 53. Rd3
Kg6 54. Kd2 g4 55. Ke2 h3 56. Kf1 Kf5 57. Rb3 Bb8 58. Kf2 Kxe5 59. Rd3 Ke4 60.
Rb3 f5 61. a6 f4 62. Rb4+ Kd3 63. Rb6 e5 64. a7 Bxa7 65. b8=Q Bxb8 66. Rxb8 g3+
67. Kf1 f3 68. Kg1 Ke2 69. Rb2+ Ke3 70. Rb3+ Kf4 71. Rb8 e4 72. Rh8 Ke3 73.
Rxh3 Ke2 74. Rh1 g2 0-1

[Event "Bundesliga 0001"]
[Site "Deutschland"]
[Date "2001.02.17"]
[Round "8.6"]
[White "Jackelen, Thomas"]
[Black "Watson, William N"]
[Result "1/2-1/2"]
[WhiteElo "2373"]
[BlackElo "2527"]
[PlyCount "89"]
[EventDate "2000.10.14"]
[EventType "team"]
[EventRounds "15"]
[EventCountry "GER"]
[SourceTitle "Bundesliga 0001"]
[Source "DeepChess"]
[SourceDate "2005.01.01"]
[SourceVersion "1"]
[SourceVersionDate "2005.01.01"]
[SourceQuality "1"]
[WhiteTeam "Godesberger SK 1929"]
[BlackTeam "SV Castrop Rauxel 1923"]
[WhiteTeamCountry "GER"]
[BlackTeamCountry "GER"]

1. Nf3 Nf6 2. c4 g6 3. Nc3 Bg7 4. e4 d6 5. d4 O-O 6. Be2 e5 7. O-O Nc6 8. Be3
Ng4 9. Bg5 f6 10. Bc1 Kh8 11. dxe5 fxe5 12. Bg5 Nf6 13. Qd2 Be6 14. Rfd1 Qe8
15. h3 Nd4 16. Nxd4 exd4 17. Qxd4 Qf7 18. Qd2 Bxc4 19. Bxc4 Qxc4 20. Rac1 Qf7
21. f3 Rac8 22. b3 Nd7 23. Qd5 Ne5 24. Qxf7 Rxf7 25. Nd5 c6 26. Be3 Re8 27. Nc3
d5 28. Bxa7 b5 29. Bc5 Nxf3+ 30. gxf3 Rxf3 31. Bd4 b4 32. Na4 Rxe4 33. Bxg7+
Kxg7 34. Rd2 Rxh3 35. Rxc6 Reh4 36. Rc7+ Kh6 37. Rg2 d4 38. Rd7 Rh1+ 39. Kf2
Ra1 40. Kg3 g5 41. Nc5 Rc1 42. Ne6 Rc3+ 43. Kf2 Rc2+ 44. Kg3 Rc3+ 45. Kf2
1/2-1/2

[Event "Bundesliga 0001"]
[Site "Deutschland"]
[Date "2001.02.17"]
[Round "8.8"]
[White "Breder, Dennis"]
[Black "Hennig, Dirk"]
[Result "1-0"]
[WhiteElo "2336"]
[BlackElo "2442"]
[PlyCount "91"]
[EventDate "2000.10.14"]
[EventType "team"]
[EventRounds "15"]
[EventCountry "GER"]
[SourceTitle "Bundesliga 0001"]
[Source "DeepChess"]
[SourceDate "2005.01.01"]
[SourceVersion "1"]
[SourceVersionDate "2005.01.01"]
[SourceQuality "1"]
[WhiteTeam "Godesberger SK 1929"]
[BlackTeam "SV Castrop Rauxel 1923"]
[WhiteTeamCountry "GER"]
[BlackTeamCountry "GER"]

1. e4 c6 2. d4 d5 3. exd5 cxd5 4. Bd3 Nc6 5. c3 g6 6. Nf3 Bg7 7. O-O Nh6 8. h3
O-O 9. Bf4 Bf5 10. Be2 Bxb1 11. Rxb1 Nf5 12. Bd3 Qd7 13. Re1 a6 14. Ne5 Nxe5
15. dxe5 e6 16. Bxf5 exf5 17. Qb3 h6 18. Rbd1 Rad8 19. Be3 Qc6 20. f4 b5 21.
Rd3 Rd7 22. Red1 Rfd8 23. R1d2 Bf8 24. Qd1 b4 25. cxb4 Bxb4 26. Rc2 Qa8 27. Bd4
Rc8 28. a3 Bf8 29. Rdc3 Rc4 30. Qd3 Qd8 31. b3 Rxc3 32. Qxc3 Qh4 33. Qe3 Kh7
34. Rc8 Bg7 35. Kh2 Qe7 36. Qc3 Qh4 37. g3 Qh5 38. Qd3 a5 39. Kg2 Re7 40. Bc5
Re6 41. Bf2 Re7 42. Qxd5 g5 43. Qd8 gxf4 44. Qg8+ Kg6 45. Rc6+ f6 46. exf6 1-0

[Event "Bundesliga 0001"]
[Site "Deutschland"]
[Date "2001.02.17"]
[Round "8.1"]
[White "Ftacnik, Lubomir"]
[Black "Kasimdzhanov, Rustam"]
[Result "0-1"]
[WhiteElo "2608"]
[BlackElo "2690"]
[PlyCount "66"]
[EventDate "2000.10.14"]
[EventType "team"]
[EventRounds "15"]
[EventCountry "GER"]
[SourceTitle "Bundesliga 0001"]
[Source "DeepChess"]
[SourceDate "2005.01.01"]
[SourceVersion "1"]
[SourceVersionDate "2005.01.01"]
[SourceQuality "1"]
[WhiteTeam "Hamburger SK 1830 e.V."]
[BlackTeam "SG 1868 Aljech. Solingen"]
[WhiteTeamCountry "GER"]
[BlackTeamCountry "GER"]

1. d4 d5 2. c4 e6 3. Nf3 Nf6 4. g3 Bb4+ 5. Bd2 Be7 6. Bg2 O-O 7. O-O c6 8. Qc2
b6 9. Bf4 Bb7 10. Rc1 Nbd7 11. cxd5 Nxd5 12. Bd2 c5 13. Nc3 Rc8 14. Nxd5 Bxd5
15. Be3 Bf6 16. Qd2 Qe7 17. dxc5 Nxc5 18. Bg5 Na4 19. Bxf6 Qxf6 20. b3 Nc3 21.
Kf1 Rfd8 22. Qf4 Nxa2 23. Rxa2 Qxf4 24. Rxc8 Qf6 25. Rxd8+ Qxd8 26. Rxa7 Bxb3
27. Nd4 Bd5 28. e3 g6 29. f4 b5 30. Bxd5 Qxd5 31. h4 b4 32. Rc7 b3 33. Nxb3
Qf3+ 0-1

[Event "Bundesliga 0001"]
[Site "Deutschland"]
[Date "2001.02.17"]
[Round "8.5"]
[White "Wahls, Matthias"]
[Black "Sadler, Matthew"]
[Result "1-0"]
[WhiteElo "2568"]
[BlackElo "2628"]
[PlyCount "79"]
[EventDate "2000.10.14"]
[EventType "team"]
[EventRounds "15"]
[EventCountry "GER"]
[SourceTitle "Bundesliga 0001"]
[Source "DeepChess"]
[SourceDate "2005.01.01"]
[SourceVersion "1"]
[SourceVersionDate "2005.01.01"]
[SourceQuality "1"]
[WhiteTeam "Hamburger SK 1830 e.V."]
[BlackTeam "SG 1868 Aljech. Solingen"]
[WhiteTeamCountry "GER"]
[BlackTeamCountry "GER"]

1. c4 e5 2. Nc3 Nc6 3. g3 g6 4. Bg2 Bg7 5. Rb1 f5 6. d3 Nf6 7. e3 O-O 8. Nge2
a6 9. O-O Rb8 10. b3 b5 11. Bb2 Ne7 12. Qc2 c6 13. Rbe1 d6 14. Kh1 Be6 15. f4
Bf7 16. Nd1 Nd7 17. Nf2 Qb6 18. Ba1 h6 19. Qd2 Rbd8 20. Bc3 Qa7 21. e4 Kh7 22.
g4 fxg4 23. Nxg4 Be6 24. Ne3 Kh8 25. d4 exf4 26. Nxf4 Bg8 27. Bh3 Nf6 28. Qd3
b4 29. Ba1 d5 30. exd5 Bh7 31. Ne6 cxd5 32. Bg2 g5 33. Qe2 Ng6 34. Nf5 Nf4 35.
Rxf4 gxf4 36. Nfxg7 Be4 37. cxd5 f3 38. Bxf3 Bxf3+ 39. Qxf3 Qe7 40. Qe2 1-0

[Event "Bundesliga 0001"]
[Site "Deutschland"]
[Date "2001.02.17"]
[Round "8.8"]
[White "Naumann, Alexander"]
[Black "Reeh, Oliver"]
[Result "1/2-1/2"]
[WhiteElo "2489"]
[BlackElo "2420"]
[PlyCount "65"]
[EventDate "2000.10.14"]
[EventType "team"]
[EventRounds "15"]
[EventCountry "GER"]
[SourceTitle "Bundesliga 0001"]
[Source "DeepChess"]
[SourceDate "2005.01.01"]
[SourceVersion "1"]
[SourceVersionDate "2005.01.01"]
[SourceQuality "1"]
[WhiteTeam "SG 1868 Aljech. Solingen"]
[BlackTeam "Hamburger SK 1830 e.V."]
[WhiteTeamCountry "GER"]
[BlackTeamCountry "GER"]

1. e4 c5 2. Nf3 d6 3. Bc4 e6 4. O-O Nf6 5. d3 Nc6 6. c3 Be7 7. Bb3 O-O 8. Re1
Ne5 9. Bc2 Nxf3+ 10. Qxf3 e5 11. Bg5 Ne8 12. Be3 Bg5 13. Nd2 Bxe3 14. Qxe3 Nf6
15. Bb3 b6 16. Rad1 Qc7 17. Nf1 Be6 18. Ng3 Rae8 19. h3 Kh8 20. d4 Bxb3 21.
axb3 g6 22. dxc5 dxc5 23. Qg5 Qe7 24. Rd2 Ng8 25. Qxe7 Rxe7 26. Red1 Nf6 27. f3
Kg7 28. Nf1 h5 29. Ne3 h4 30. Rd6 Rc8 31. Nc4 Rcc7 32. Na3 Rcd7 33. Kf2 1/2-1/2

[Event "Bundesliga 0001"]
[Site "Deutschland"]
[Date "2001.02.17"]
[Round "8.1"]
[White "Shirov, Alexei"]
[Black "Feygin, Michail"]
[Result "1/2-1/2"]
[WhiteElo "2746"]
[BlackElo "2482"]
[PlyCount "92"]
[EventDate "2000.10.14"]
[EventType "team"]
[EventRounds "15"]
[EventCountry "GER"]
[SourceTitle "Bundesliga 0001"]
[Source "DeepChess"]
[SourceDate "2005.01.01"]
[SourceVersion "1"]
[SourceVersionDate "2005.01.01"]
[SourceQuality "1"]
[WhiteTeam "Luebecker SV von 1873 "]
[BlackTeam "SC Hassel KS Gelsenkirchen"]
[WhiteTeamCountry "GER"]
[BlackTeamCountry "GER"]

1. e4 e6 2. d4 d5 3. e5 c5 4. c3 Qb6 5. Nf3 Bd7 6. a3 Bb5 7. b4 cxb4 8. axb4
Nd7 9. Bd3 Bxd3 10. Qxd3 Ne7 11. O-O Nc8 12. Ng5 h6 13. Nh3 Qc6 14. b5 Qc7 15.
Nf4 Ncb6 16. Nd2 a5 17. bxa6 Rxa6 18. Rxa6 bxa6 19. Bb2 a5 20. Rc1 Be7 21. c4
dxc4 22. Nxc4 Nxc4 23. Rxc4 Qb7 24. Ba3 Nb6 25. Qb3 Bxa3 26. Qb5+ Ke7 27. d5
Rb8 28. d6+ Bxd6 29. exd6+ Kxd6 30. Rc1 Nd7 31. Qxa5 Ke7 32. g3 Qb4 33. Qc7 Qd6
34. Qc2 g5 35. Rd1 Rb2 36. Qc1 Qb6 37. Nd3 Rb5 38. Qa3+ Ke8 39. Qa1 Ke7 40.
Qa3+ Qd6 41. Qxd6+ Kxd6 42. Nc5+ Kxc5 43. Rxd7 f5 44. Rh7 g4 45. Rxh6 Kd5 46.
Kg2 Rb2 1/2-1/2

[Event "Bundesliga 0001"]
[Site "Deutschland"]
[Date "2001.02.17"]
[Round "8.2"]
[White "Kishnev, Sergey"]
[Black "Adams, Michael"]
[Result "0-1"]
[WhiteElo "2495"]
[BlackElo "2755"]
[PlyCount "82"]
[EventDate "2000.10.14"]
[EventType "team"]
[EventRounds "15"]
[EventCountry "GER"]
[SourceTitle "Bundesliga 0001"]
[Source "DeepChess"]
[SourceDate "2005.01.01"]
[SourceVersion "1"]
[SourceVersionDate "2005.01.01"]
[SourceQuality "1"]
[WhiteTeam "SC Hassel KS Gelsenkirchen"]
[BlackTeam "Luebecker SV von 1873 "]
[WhiteTeamCountry "GER"]
[BlackTeamCountry "GER"]

1. d4 Nf6 2. c4 e6 3. Nc3 Bb4 4. Qc2 O-O 5. a3 Bxc3+ 6. Qxc3 Ne4 7. Qc2 f5 8.
e3 b6 9. f3 Qh4+ 10. g3 Nxg3 11. Qf2 f4 12. Nh3 Nf5 13. Nxf4 Bb7 14. Be2 Nc6
15. Ng2 Qxf2+ 16. Kxf2 Nd6 17. Bd2 Ne4+ 18. Ke1 Nxd2 19. Kxd2 Na5 20. Raf1 Ba6
21. Kc3 d5 22. b3 c5 23. dxc5 bxc5 24. Rb1 Rab8 25. Rhe1 Rb6 26. cxd5 Bxe2 27.
Rxe2 exd5 28. Ne1 d4+ 29. exd4 cxd4+ 30. Kc2 Rc8+ 31. Kd1 Nxb3 32. Re7 a5 33.
Rb2 Rc1+ 34. Ke2 Rc3 35. Kf2 Rh6 36. Kg3 d3 37. Rd7 d2 38. Ng2 Rf6 39. Nf4 g5
40. Ne2 Rfxf3+ 41. Kg4 Rcd3 0-1

[Event "Bundesliga 0001"]
[Site "Deutschland"]
[Date "2001.02.17"]
[Round "8.3"]
[White "Bareev, Evgeny"]
[Black "Kalka, Arkadius Georg"]
[Result "1-0"]
[WhiteElo "2702"]
[BlackElo "2378"]
[PlyCount "83"]
[EventDate "2000.10.14"]
[EventType "team"]
[EventRounds "15"]
[EventCountry "GER"]
[SourceTitle "Bundesliga 0001"]
[Source "DeepChess"]
[SourceDate "2005.01.01"]
[SourceVersion "1"]
[SourceVersionDate "2005.01.01"]
[SourceQuality "1"]
[WhiteTeam "Luebecker SV von 1873 "]
[BlackTeam "SC Hassel KS Gelsenkirchen"]
[WhiteTeamCountry "GER"]
[BlackTeamCountry "GER"]

1. d4 Nf6 2. c4 g6 3. Nc3 d5 4. Nf3 Bg7 5. Bf4 c5 6. dxc5 Qa5 7. cxd5 Nxd5 8.
Qxd5 Bxc3+ 9. Bd2 Be6 10. Qxb7 Bxd2+ 11. Nxd2 O-O 12. b4 Qa4 13. e3 Nd7 14. a3
Rfd8 15. Bb5 Qc2 16. Bxd7 Bxd7 17. Qe4 Qa4 18. f3 a5 19. Nc4 Bf5 20. Qf4 Bd3
21. Ne5 Qc2 22. Qxf7+ Kh8 23. Nxd3 Qxg2 24. Nf2 axb4 25. Qf4 Rd2 26. Rf1 Rc2
27. Qe5+ Kg8 28. Qd5+ Kg7 29. Qxa8 b3 30. Qe4 Kf8 31. Rd1 Rxc5 32. Qf4+ Rf5 33.
Rd8+ Kg7 34. Qd4+ e5 35. Rd7+ Kh8 36. Qb6 Qxf3 37. Qb8+ Rf8 38. Qxe5+ Qf6 39.
Qxf6+ Rxf6 40. Rb7 Rf3 41. Ke2 Rf6 42. Rxb3 1-0

[Event "Bundesliga 0001"]
[Site "Deutschland"]
[Date "2001.02.17"]
[Round "8.5"]
[White "Hodgson, Julian M"]
[Black "Baumhus, Reinhard"]
[Result "1/2-1/2"]
[WhiteElo "2640"]
[BlackElo "2341"]
[PlyCount "82"]
[EventDate "2000.10.14"]
[EventType "team"]
[EventRounds "15"]
[EventCountry "GER"]
[SourceTitle "Bundesliga 0001"]
[Source "DeepChess"]
[SourceDate "2005.01.01"]
[SourceVersion "1"]
[SourceVersionDate "2005.01.01"]
[SourceQuality "1"]
[WhiteTeam "Luebecker SV von 1873 "]
[BlackTeam "SC Hassel KS Gelsenkirchen"]
[WhiteTeamCountry "GER"]
[BlackTeamCountry "GER"]

1. d4 d5 2. Bg5 Nc6 3. e3 f6 4. Bh4 Bf5 5. Bb5 Qd7 6. Bg3 Nh6 7. Ne2 a6 8. Ba4
e6 9. Nd2 Bd6 10. Bxd6 Qxd6 11. c4 dxc4 12. e4 Bg6 13. Nxc4 Qb4+ 14. Nd2 b5 15.
Qc2 Qd6 16. Bb3 O-O 17. Qc3 Rad8 18. d5 Ne7 19. Rc1 exd5 20. Qxc7 Kh8 21. Nf4
dxe4 22. O-O Qxc7 23. Rxc7 Rfe8 24. Nb1 Bf5 25. Nc3 Ng6 26. Nh5 Rd7 27. Rc6 Rd2
28. Rxa6 b4 29. Nd5 Bg4 30. Ng3 Be2 31. Nxe2 Rxe2 32. Nxb4 Rxb2 33. Nd5 Nf5 34.
Nc7 Rb8 35. h3 Nf4 36. Nd5 Nxd5 37. Bxd5 e3 38. Ra8 Rxa8 39. Bxa8 Rxa2 40. fxe3
Nxe3 41. Re1 Ra3 1/2-1/2

[Event "Bundesliga 0001"]
[Site "Deutschland"]
[Date "2001.02.17"]
[Round "8.6"]
[White "Balster, Stefan"]
[Black "Agdestein, Simen"]
[Result "1/2-1/2"]
[WhiteElo "2338"]
[BlackElo "2590"]
[PlyCount "43"]
[EventDate "2000.10.14"]
[EventType "team"]
[EventRounds "15"]
[EventCountry "GER"]
[SourceTitle "Bundesliga 0001"]
[Source "DeepChess"]
[SourceDate "2005.01.01"]
[SourceVersion "1"]
[SourceVersionDate "2005.01.01"]
[SourceQuality "1"]
[WhiteTeam "SC Hassel KS Gelsenkirchen"]
[BlackTeam "Luebecker SV von 1873 "]
[WhiteTeamCountry "GER"]
[BlackTeamCountry "GER"]

1. c4 c5 2. Nc3 Nf6 3. Nf3 d5 4. cxd5 Nxd5 5. g3 Nc6 6. Nxd5 Qxd5 7. Bg2 g6 8.
O-O Bg7 9. d3 Bd7 10. Be3 Rc8 11. d4 cxd4 12. Nxd4 Qc4 13. b3 Qa6 14. Rc1 Qxa2
15. Ra1 Qb2 16. Nxc6 bxc6 17. Rxa7 Be6 18. Bc5 Bf6 19. b4 O-O 20. Qc1 Qxe2 21.
Bxe7 Bxe7 22. Rxe7 1/2-1/2

[Event "Bundesliga 0001"]
[Site "Deutschland"]
[Date "2001.02.17"]
[Round "8.7"]
[White "De Firmian, Nick E"]
[Black "Schirbel, Andreas"]
[Result "1-0"]
[WhiteElo "2567"]
[BlackElo "2308"]
[PlyCount "37"]
[EventDate "2000.10.14"]
[EventType "team"]
[EventRounds "15"]
[EventCountry "GER"]
[SourceTitle "Bundesliga 0001"]
[Source "DeepChess"]
[SourceDate "2005.01.01"]
[SourceVersion "1"]
[SourceVersionDate "2005.01.01"]
[SourceQuality "1"]
[WhiteTeam "Luebecker SV von 1873 "]
[BlackTeam "SC Hassel KS Gelsenkirchen"]
[WhiteTeamCountry "GER"]
[BlackTeamCountry "GER"]

1. e4 e5 2. Nf3 d6 3. d4 exd4 4. Qxd4 Nf6 5. Bg5 Be7 6. Nc3 O-O 7. O-O-O Nc6 8.
Qd2 h6 9. Bf4 Re8 10. Bc4 Bg4 11. h3 Bh5 12. g4 Bg6 13. Rhe1 Bf8 14. e5 dxe5
15. Qxd8 Raxd8 16. Rxd8 Rxd8 17. Nxe5 Nxe5 18. Bxe5 Nd7 19. Rd1 1-0

[Event "Bundesliga 0001"]
[Site "Deutschland"]
[Date "2001.02.17"]
[Round "8.1"]
[White "Beliavsky, Alexander G"]
[Black "Hracek, Zbynek"]
[Result "1/2-1/2"]
[WhiteElo "2654"]
[BlackElo "2612"]
[PlyCount "63"]
[EventDate "2000.10.14"]
[EventType "team"]
[EventRounds "15"]
[EventCountry "GER"]
[SourceTitle "Bundesliga 0001"]
[Source "DeepChess"]
[SourceDate "2005.01.01"]
[SourceVersion "1"]
[SourceVersionDate "2005.01.01"]
[SourceQuality "1"]
[WhiteTeam "SK Koenig Plauen"]
[BlackTeam "SAbt SV Werder Bremen"]
[WhiteTeamCountry "GER"]
[BlackTeamCountry "GER"]

1. d4 Nf6 2. c4 e6 3. Nf3 b6 4. g3 Ba6 5. b3 Bb4+ 6. Bd2 Be7 7. Bg2 c6 8. Bc3
d5 9. Ne5 Nfd7 10. Nxd7 Nxd7 11. Nd2 O-O 12. O-O Rc8 13. e4 c5 14. exd5 exd5
15. dxc5 dxc4 16. c6 cxb3 17. Re1 b2 18. Bxb2 Nc5 19. Nc4 Bxc4 20. Qg4 Bg5 21.
Qxc4 Nd3 22. Be5 Nxe1 23. Rxe1 Bf6 24. Bxf6 Qxf6 25. c7 Qd6 26. Rc1 b5 27. Qc2
b4 28. Bb7 g6 29. h4 h5 30. Kg2 a5 31. Qc4 Kg7 32. Bxc8 1/2-1/2

[Event "Bundesliga 0001"]
[Site "Deutschland"]
[Date "2001.02.17"]
[Round "8.3"]
[White "Gdanski, Jacek"]
[Black "Schandorff, Lars"]
[Result "0-1"]
[WhiteElo "2557"]
[BlackElo "2520"]
[PlyCount "72"]
[EventDate "2000.10.14"]
[EventType "team"]
[EventRounds "15"]
[EventCountry "GER"]
[SourceTitle "Bundesliga 0001"]
[Source "DeepChess"]
[SourceDate "2005.01.01"]
[SourceVersion "1"]
[SourceVersionDate "2005.01.01"]
[SourceQuality "1"]
[WhiteTeam "SK Koenig Plauen"]
[BlackTeam "SAbt SV Werder Bremen"]
[WhiteTeamCountry "GER"]
[BlackTeamCountry "GER"]

1. e4 e5 2. Nf3 Nf6 3. Nxe5 d6 4. Nf3 Nxe4 5. d4 d5 6. Bd3 Nc6 7. O-O Be7 8. c4
Nb4 9. Be2 O-O 10. Nc3 Bf5 11. a3 Nxc3 12. bxc3 Nc6 13. cxd5 Qxd5 14. c4 Qd6
15. d5 Ne5 16. Nd4 Bd7 17. a4 Rfe8 18. Kh1 c5 19. Nb5 Bxb5 20. axb5 Bf6 21. Ra3
Ng6 22. f4 Bd4 23. Rh3 a6 24. bxa6 Rxa6 25. Bd3 Nf8 26. Qh5 h6 27. Rhf3 Nd7 28.
Rg3 Nf6 29. Qf3 Ra1 30. Bc2 Qe7 31. Qd3 Qe1 32. Rgf3 Qxc1 33. Rxc1 Rxc1+ 34.
Bd1 Re1+ 35. Rf1 Rxf1+ 36. Qxf1 Ne4 0-1

[Event "Bundesliga 0001"]
[Site "Deutschland"]
[Date "2001.02.17"]
[Round "8.5"]
[White "Espig, Lutz"]
[Black "Pelletier, Yannick"]
[Result "1/2-1/2"]
[WhiteElo "2401"]
[BlackElo "2474"]
[PlyCount "68"]
[EventDate "2000.10.14"]
[EventType "team"]
[EventRounds "15"]
[EventCountry "GER"]
[SourceTitle "Bundesliga 0001"]
[Source "DeepChess"]
[SourceDate "2005.01.01"]
[SourceVersion "1"]
[SourceVersionDate "2005.01.01"]
[SourceQuality "1"]
[WhiteTeam "SK Koenig Plauen"]
[BlackTeam "SAbt SV Werder Bremen"]
[WhiteTeamCountry "GER"]
[BlackTeamCountry "GER"]

1. Nf3 Nf6 2. g3 b6 3. Bg2 Bb7 4. O-O c5 5. c4 e6 6. Nc3 Be7 7. d4 cxd4 8. Qxd4
d6 9. Rd1 a6 10. b3 Nbd7 11. e4 Qc8 12. Bb2 O-O 13. h3 Re8 14. Rac1 Qc7 15. Ba3
Nc5 16. Nd2 Rad8 17. Qe3 Qb8 18. b4 Ncd7 19. Bb2 Bf8 20. Ne2 d5 21. e5 Ne4 22.
Nxe4 dxe4 23. a3 a5 24. Bxe4 axb4 25. axb4 Bxb4 26. Nf4 Bxe4 27. Qxe4 Nc5 28.
Qe3 Qa8 29. Nd3 Nxd3 30. Rxd3 Bc5 31. Bd4 Rxd4 32. Rxd4 h6 33. Qe4 Bxd4 34.
Qxd4 Qc6 1/2-1/2

[Event "Bundesliga 0001"]
[Site "Deutschland"]
[Date "2001.02.17"]
[Round "8.6"]
[White "Joachim, Sven"]
[Black "Sandner, Gunter"]
[Result "1-0"]
[WhiteElo "2445"]
[BlackElo "2333"]
[PlyCount "79"]
[EventDate "2000.10.14"]
[EventType "team"]
[EventRounds "15"]
[EventCountry "GER"]
[SourceTitle "Bundesliga 0001"]
[Source "DeepChess"]
[SourceDate "2005.01.01"]
[SourceVersion "1"]
[SourceVersionDate "2005.01.01"]
[SourceQuality "1"]
[WhiteTeam "SAbt SV Werder Bremen"]
[BlackTeam "SK Koenig Plauen"]
[WhiteTeamCountry "GER"]
[BlackTeamCountry "GER"]

1. e4 c5 2. Nf3 Nc6 3. Bb5 g6 4. O-O Bg7 5. Re1 Nf6 6. e5 Nd5 7. Nc3 Nc7 8.
Bxc6 dxc6 9. Ne4 Ne6 10. d3 O-O 11. Be3 b6 12. Qd2 Nd4 13. Nxd4 cxd4 14. Bh6
Bxe5 15. Bxf8 Qxf8 16. a4 a5 17. Ng5 Bd6 18. Nf3 Qg7 19. c3 c5 20. cxd4 cxd4
21. Qe2 Bb7 22. Rac1 Bd5 23. h3 Qf6 24. Nd2 Qf4 25. Nf1 h5 26. f3 Kg7 27. Qf2
Rd8 28. Rc2 Bb4 29. Ree2 g5 30. Ng3 Kh6 31. Ne4 f5 32. g3 Qb8 33. Nd2 e5 34. g4
hxg4 35. hxg4 fxg4 36. fxg4 Rf8 37. Qh2+ Kg7 38. Rxe5 Rf4 39. Rxg5+ Kf6 40.
Rf5+ 1-0